000
00313nam a2200145Ia 4500
005
20251222144726.0
008
251222s9999||||xx |||||||||||||| ||spa||
020
_a
9788467052121
082
_a
440/M86
100
_a
Moro, Javier
245
0
_a
Mi Pecado
250
_a
1ra.ed.
264
_b
Espasa
942
_c
LIB
999
_c
18391
_d
18391